Cillian Murphy Filmography - Statistics

General Stats
  • This quiz has been taken 609 times
    134 since last reset
  • The average score is 22 of 89
Answer Stats
Type Year Name % Correct
Film 2023 Oppenheimer
96%
TV Show 2013-2022 Peaky Blinders
89%
Film 2005 Batman Begins
80%
Video Game 2005 Batman Begins
80%
Film 2008 The Dark Knight
80%
Film 2010 Inception
77%
Film 2002 28 Days Later
75%
Film 2012 The Dark Knight Rises
69%
Film 2017 Dunkirk
64%
Film 2005 Red Eye
63%
Film 2024 Small Things Like These
45%
Film 2006 The Wind That Shakes the Barley
43%
Theater 1996-1998 Disco Pigs
42%
Film 2001 Disco Pigs
42%
Film 2025 28 Years Later
41%
Film 2020 A Quiet Place Part II
41%
Film TBA Steve
41%
Film 2005 Breakfast on Pluto
40%
Film 2011 In Time
39%
Film 2007 Sunshine
39%
Film 2007 Watching the Detectives
36%
Film 2019 Anna
30%
Film 2012 Red Lights
30%
Film 2017 The Party
30%
Film 2015 In the Heart of the Sea
29%
Film 2003 Intermission
27%
Film 1999 Sunburn
27%
Film 2003 Girl with a Pearl Earring
25%
Film 2010 Peacock
25%
Film 2018 The Delinquent Season
25%
Film 2008 The Edge of Love
25%
Film 2010 TRON: Legacy
25%
Film 2014 Aloft
24%
Film 2012 Broken
24%
Film 2001 On the Edge
23%
Film 2011 Retreat
23%
TV Mini-Series 2001 The Way We Live Now
23%
Film 2014 Transcendence
23%
Film 2016 Free Fire
22%
Theater 2011-2012 Misterman
22%
Film 2009 Perrier's Bounty
22%
Film 2016 Anthropoid
20%
Film 2023 Kensuke's Kingdom
20%
Film 2003 Cold Mountain
19%
Film 2001 How Harry Became a Tree
19%
Film TBA The Immortal Man
19%
Film 1999 The Trench
19%
Short Film 2001 Watchmen
17%
Short Film 2021 All of This Unreal Time
16%
Short Film 1999 At Death's Door
16%
Short Film 2018 The Overcoat
16%
Short Film 1999 Eviction
14%
Theater 2015 The Clock
14%
Short Film 2015 The Clock
14%
Short Film 2006 The Silent City
14%
Film 1998 The Tale of Sweety Barrett
14%
Short Film 2009 The Water
14%
Music Video 2009 The Water
14%
Theater 2014 Ballyturk
13%
Theater 2018-2019 Grief is the Thing with Feathers
13%
Short Film 2000 Filleann an Feall
12%
Film 2010 Hippie Hippie Shake
12%
Short Film 1997 Quando
12%
Documentary 2008 Waveriders
11%
Short Film 2000 A Man of Few Words
10%
Music Video 2017 The Meetings of the Waters
10%
Theater 2003 The Seagull
10%
Short Film 2003 Zonad
10%
Film TBA Blood Runs Coal
8%
Theater 1998 Much Ado About Nothing
8%
Video Game 2022 Peaky Blinders: The King's Ransom
8%
Theater 2004 The Playboy of the Western World
8%
Documentary Series 2015 Atlantic: The Wildest Ocean on Earth
7%
Theater 2006-2007 Love Song
7%
Theater 2002 The Shape of Things
7%
Documentary Series 2020 A World of Calm
6%
Short Film 2014 From the Mountain
6%
Short Film 2013 Harriet and the Matches
6%
Theater 1999 Juno and the Paycock
5%
Theater 1999 The Country Boy: A Play in Three Acts
5%
Documentary Series 2019 The Irish Revolution
5%
Music Video 2011 Winter Beats
5%
Theater 2010 From Galway to Broadway and back again.
4%
Commercial 2022 Montblanc
4%
Short Film 2012 The Minutes
4%
Music Video 2017 The Ways
4%
Documentary Series 2024 60 Minutes
2%
Theater 2016 Stages
2%
Documentary Series 2015 In Conversation
1%
No matching quizzes found
Score Distribution
Percent of People with Each Score
Percentile by Number Answered
Your Score History
You have not taken this quiz since the last reset